000 01052nam a2200277 a 4500
001 78526
003 BD-RjUL
005 20211209083135.0
008 210930s2009 bg a|||| m||| 00| 0 eng d
035 _a(BD-RjUL) 78752
040 _aBD-RjUL
_beng
_cBD-RjUL
_dBD-RjUL
041 _aeng
082 _a155.8
_bUDP 2009
_223
100 _aUddin, Mohammad. Ramiz
_9248771
245 1 0 _aPsycho- Social Correlates of Sociel Identity In Different Ethnic Group In Bangladesh /
_cby Mohammad. Ramiz Uddin ;
_6Supervisor : M. Mozammel Huq
260 _aRajshahi :
_bDepartment of Psychology, University of Rajshahi,
_c2009
300 _axiii, 291 leaves :
_biII ;
_c29 cm.
502 _aThesis (Ph. D.) -- Department of Psychology, University of Rajshahi, 2009
504 _aReferences : Leaves 229 -266
600 _a
_9249096
650 _aEthnopsychology
_xSocial aspects
_zBangladesh
_9249092
650 _aSocial psychology.
_9249093
650 _aIntergroup relations.
_9249097
700 _aHuq, M. Mozammel, Supervisor
_9248773
942 _2ddc
_cTHE
999 _c78526
_d78526